000 00437cam a22001337a 4500
008 180718b1989 xxu||||| |||| 00| 0 eng d
082 _aA81x54 In2/81/4/PT9/1
100 _aCensus of India 1981
245 _aBihar: special tables for scheduled castes
260 _aDelhi
_bController of Publications
_c1989
300 _a1073+p.
440 _aCensus of India 1981. Series-4, Bihar. Part-IX (i)
500 _aContents: Tables SC-1 and SC-2
999 _c481970
_d481970